000 00454nam a2200145 4500
008 161213b xxu||||| |||| 00| 0 eng d
022 _a 0893-8989
082 _aDPer 363.205 P75 May-Dec 2015 v. 39
100 _918263
_aMason, Ryan
245 _aChoosing the right lightbar/
_cRyan Mason.
260 _aCalifornia:
_bBobit Business Media,
_cc2015.
300 _a v39 n5, pages 14-17;
_c28 cm.
650 0 _918729
_aPolice
_vVehicles
942 _2ddc
_cPER
999 _c6017
_d6017